[Event "Mechanics' Summer TNM; 30/90, SD/30"]
[Site "San Francisco"]
[Date "2009.06.02"]
[Round "2.23"]
[White "Salvo, Tab"]
[Black "Starr, Albert"]
[Result "1-0"]
[WhiteElo "1723"]
[BlackElo "1510"]
[PlyCount "165"]
[EventDate "2009.??.??"]

1. Nf3 b5 2. g3 Bb7 3. Bg2 e6 4. O-O Nf6 5. d3 Be7 6. b3 O-O 7. Bb2 d6 8. c4 b4
9. Nbd2 c5 10. e4 Nbd7 11. Re1 a5 12. h3 Ra6 13. d4 cxd4 14. Nxd4 Qa8 15. Nb5
Rc8 16. f3 Nc5 17. Qe2 Nh5 18. Kh2 Qb8 19. f4 g6 20. Qe3 d5 21. exd5 Bf8 22.
Be5 Qa8 23. Nc7 Rxc7 24. Bxc7 exd5 25. cxd5 Bxd5 26. Bxd5 Qxd5 27. Nc4 Ne6 28.
Rad1 Qf5 29. Bxa5 Rxa5 30. Nxa5 Qxa5 31. Re2 Bc5 32. Qe4 Qa7 33. Red2 Bf2 34.
Rd3 Nc5 35. Rd8+ Kg7 36. Qe5+ Nf6 37. R1d2 Nce4 38. Re2 Nxg3 39. Kg2 Nxe2 40.
Qxe2 Qe3 41. Qxe3 Bxe3 42. Kf3 Bc1 43. Rd4 Ba3 44. Rd1 Ne8 45. Kg4 h5+ 46. Kg5
f6+ 47. Kh4 Kf7 48. Kg3 g5 49. f5 Bb2 50. Kf3 Ke7 51. Re1+ Be5 52. Re4 Nd6 53.
Rxb4 Nxf5 54. Ke4 Ng3+ 55. Kf3 Kd6 56. Rb5 h4 57. a4 Kc6 58. b4 Nf5 59. Rc5+
Kd6 60. Rc1 Nd4+ 61. Kg2 Nc6 62. b5 Na5 63. Kf3 f5 64. Rc2 Bd4 65. Rc8 Kd7 66.
Rf8 f4 67. Rf5 Kc7 68. Rxg5 Be3 69. Rg6 Kb7 70. Rh6 Nc4 71. Rxh4 Ne5+ 72. Ke4
Ng6 73. Rh6 Nf8 74. Rf6 Nd7 75. Rf7 Kc8 76. a5 Nc5+ 77. Kd5 Nd3 78. a6 Nb4+ 79.
Kc4 Nc2 80. a7 Bxa7 81. Rxa7 f3 82. Rf7 Ne1 83. Kd5 1-0

[Event "Mechanics' Fall TNM; 30/90, SD/30"]
[Site "San Francisco"]
[Date "2009.10.27"]
[Round "2.6"]
[White "Sandberg, Evan"]
[Black "Afkham-Ebrahimi, Payam"]
[Result "1-0"]
[WhiteElo "2095"]
[BlackElo "1913"]
[PlyCount "65"]
[EventDate "2009.??.??"]

1. e4 d6 2. d4 Nf6 3. Nc3 g6 4. f4 Bg7 5. Nf3 O-O 6. e5 dxe5 7. fxe5 Nd5 8. Bc4
c6 9. O-O Bg4 10. h3 Nxc3 11. bxc3 Bxf3 12. Qxf3 e6 13. Ba3 Nd7 14. Bxf8 Qxf8
15. Bb3 Qe7 16. c4 Rf8 17. c3 Qd8 18. Bc2 Qc7 19. Rab1 Nb6 20. c5 Nd5 21. c4
Ne7 22. Qb3 Rb8 23. Qa3 Bh6 24. Rf3 b6 25. cxb6 axb6 26. Qd6 Qb7 27. Qb4 Bf8
28. Qd2 Qa6 29. Qf4 Qxc4 30. Bb3 Qb4 31. Qxf7+ Kh8 32. Kh1 Qxd4 33. Qf6+ 1-0

[Event "Mechanics' Fall TNM; 30/90, SD/30"]
[Site "San Francisco"]
[Date "2009.12.15"]
[Round "9.2"]
[White "Sandberg, Evan"]
[Black "Argishti, Dante"]
[Result "1-0"]
[WhiteElo "2095"]
[BlackElo "2032"]
[PlyCount "79"]
[EventDate "2009.??.??"]

1. e4 c5 2. Nf3 d6 3. d4 cxd4 4. Nxd4 Nf6 5. Nc3 a6 6. Bg5 e6 7. f4 Qb6 8. Qd2
Qxb2 9. Rb1 Qa3 10. f5 exf5 11. Bxf6 gxf6 12. Nd5 Qxa2 13. Qb4 Ra7 14. Bc4 a5
15. Nxf6+ Ke7 16. Nd5+ Ke8 17. Qb5+ Bd7 18. Bxa2 Bxb5 19. Nxb5 Ra6 20. Nbc7+
Kd7 21. Nxa6 Nxa6 22. Rxb7+ Kc8 23. Rxf7 Bh6 24. Ne7+ Kd8 25. Nc6+ Ke8 26. Ra7
Nc5 27. Ra8+ Kd7 28. Rxh8 Kxc6 29. exf5 Ne4 30. O-O Be3+ 31. Kh1 Nf6 32. Rf8
Bd4 33. c3 Be5 34. Re1 Nd7 35. Rc8+ Kb7 36. Rxe5 dxe5 37. Re8 Kc6 38. f6 e4 39.
f7 e3 40. Rxe3 1-0

[Event "Mechanics' Winter TNM; 30/90, SD/30"]
[Site "San Francisco"]
[Date "2009.02.24"]
[Round "8.3"]
[White "Sandberg, Evan"]
[Black "Fuentes, Romulo"]
[Result "1-0"]
[WhiteElo "1998"]
[BlackElo "2082"]
[PlyCount "67"]
[EventDate "2009.??.??"]

1. e4 c5 2. Nf3 d6 3. d4 cxd4 4. Nxd4 Nf6 5. Nc3 a6 6. Bg5 e6 7. f4 Qb6 8. Qd2
Qxb2 9. Rb1 Qa3 10. f5 Nc6 11. fxe6 fxe6 12. Nxc6 bxc6 13. e5 dxe5 14. Bxf6
gxf6 15. Ne4 Qxa2 16. Rd1 Be7 17. Nd6+ Bxd6 18. Qxd6 Qa5+ 19. Rd2 Kf7 20. Be2
Ra7 21. Bh5+ Kg7 22. O-O Rf8 23. Rd3 Qb6+ 24. Kh1 Raf7 25. Rg3+ Kh8 26. Bxf7
Rxf7 27. Rd1 Bd7 28. Rb3 Qf2 29. Rb7 Qxc2 30. Rxd7 Kg7 31. Qxe6 Rxd7 32. Rxd7+
Kg6 33. Qg4+ Kh6 34. Qh4+ 1-0

[Event "Mechanics' Spring TNM; 30/90, SD/30"]
[Site "San Francisco"]
[Date "2009.04.28"]
[Round "7.1"]
[White "Sandberg, Evan"]
[Black "Grey, Peter"]
[Result "1/2-1/2"]
[WhiteElo "2009"]
[BlackElo "2000"]
[PlyCount "97"]
[EventDate "2009.??.??"]

1. e4 c5 2. Nf3 e6 3. d4 cxd4 4. Nxd4 Nf6 5. Nc3 Nc6 6. Ndb5 d6 7. Bf4 e5 8.
Bg5 a6 9. Na3 b5 10. Nd5 Be7 11. Bxf6 Bxf6 12. c3 O-O 13. Nc2 Bg5 14. a4 bxa4
15. Rxa4 a5 16. Bc4 Rb8 17. b3 Kh8 18. O-O g6 19. Qe2 f5 20. b4 axb4 21. cxb4
fxe4 22. b5 Ne7 23. Ncb4 Nxd5 24. Nxd5 Bb7 25. Rd1 Rc8 26. Bb3 Rc5 27. Rxe4
Bxd5 28. Bxd5 Qc7 29. Bc6 Rc1 30. Rxc1 Bxc1 31. Bd5 Ba3 32. Rc4 Bc5 33. Bf3 Qb6
34. Ra4 Rb8 35. Bc6 Rf8 36. Bf3 Rb8 37. Ra8 Rxa8 38. Bxa8 Qa5 39. Be4 Qa1+ 40.
Qf1 Qxf1+ 41. Kxf1 Kg7 42. Ke2 Kf6 43. Bd5 Kf5 44. f3 h5 45. Kd3 g5 46. Be4+
Ke6 47. Kc4 h4 48. Bd5+ Kf5 49. g3 1/2-1/2

[Event "Mechanics' Winter TNM; 30/90, SD/30"]
[Site "San Francisco"]
[Date "2009.01.06"]
[Round "1.9"]
[White "Sandberg, Evan"]
[Black "Livschitz, Jennifer"]
[Result "1-0"]
[WhiteElo "1998"]
[BlackElo "1631"]
[PlyCount "107"]
[EventDate "2009.??.??"]

1. e4 e5 2. Nf3 Nc6 3. Bb5 a6 4. Ba4 Nf6 5. O-O Be7 6. Re1 b5 7. Bb3 O-O 8. a4
Bb7 9. c3 d6 10. d4 exd4 11. cxd4 Na5 12. Bc2 b4 13. Nbd2 c5 14. b3 Re8 15. Bb2
Bf8 16. Bd3 Rc8 17. d5 Nd7 18. Nc4 Nxc4 19. Bxc4 Nb6 20. Qd3 Nxc4 21. bxc4 f6
22. Kh1 Rb8 23. Ng1 Qd7 24. f4 Qg4 25. Ne2 Qg6 26. f5 Qf7 27. Nf4 Be7 28. Re3
Bd8 29. Rg3 Bc8 30. Qf3 b3 31. Nh5 g6 32. Nf4 g5 33. h4 h6 34. hxg5 hxg5 35.
Ng6 Qg7 36. Rxg5 fxg5 37. Bxg7 Kxg7 38. Rb1 b2 39. g4 Bd7 40. Qe2 Bf6 41. Qc2
Rb4 42. e5 Bxe5 43. Nxe5 Rxe5 44. Rxb2 Bxa4 45. Qc3 a5 46. Re2 Kf6 47. Rxe5
dxe5 48. d6 Bc6+ 49. Kh2 a4 50. d7 Bxd7 51. Qd2 a3 52. Qd6+ Kf7 53. Qxd7+ Kf6
54. Qe6+ 1-0

[Event "Mechanics' Summer TNM; 30/90, SD/30"]
[Site "San Francisco"]
[Date "2009.07.14"]
[Round "8.4"]
[White "Sandberg, Evan"]
[Black "Manvelyan, Hayk"]
[Result "1/2-1/2"]
[WhiteElo "2053"]
[BlackElo "2072"]
[PlyCount "107"]
[EventDate "2009.??.??"]

1. e4 e6 2. d4 d5 3. Nd2 c5 4. Ngf3 cxd4 5. exd5 Qxd5 6. Bc4 Qd6 7. O-O Nf6 8.
Nb3 Nc6 9. Nbxd4 Nxd4 10. Nxd4 Qc7 11. Bb3 a6 12. Re1 Bd7 13. Bg5 O-O-O 14. Qf3
Bd6 15. h3 Rhg8 16. Rad1 h6 17. Bh4 g5 18. Bg3 Bf4 19. Rd3 Kb8 20. Ne2 e5 21.
Bd5 Nxd5 22. Rxd5 Bc6 23. Rxd8+ Qxd8 24. Qd3 Qxd3 25. cxd3 Rd8 26. Bxf4 gxf4
27. Rd1 f6 28. f3 Bb5 29. Nc1 Rc8 30. b3 a5 31. a4 Ba6 32. d4 exd4 33. Nd3 Bxd3
34. Rxd3 Rd8 35. Kf2 Kc7 36. Ke2 Kc6 37. Rd1 Kd5 38. Kd2 Re8 39. Rb1 Re3 40. b4
Ra3 41. bxa5 Rxa4 42. Rxb7 Rxa5 43. Rd7+ Kc4 44. Rc7+ Rc5 45. Rf7 Rg5 46. Rc7+
Kd5 47. Rd7+ Ke5 48. Re7+ Kf5 49. Re2 Rg7 50. Kd3 Rd7 51. Re8 Rg7 52. Re2 Rd7
53. Re8 Rg7 54. Re2 1/2-1/2

[Event "Mechanics' Spring TNM; 30/90, SD/30"]
[Site "San Francisco"]
[Date "2009.04.14"]
[Round "5.2"]
[White "Sandberg, Evan"]
[Black "Manvelyan, Hayk"]
[Result "1-0"]
[WhiteElo "2009"]
[BlackElo "2035"]
[PlyCount "95"]
[EventDate "2009.??.??"]

1. e4 c6 2. d4 d5 3. Nc3 dxe4 4. Nxe4 Bf5 5. Ng3 Bg6 6. h4 h6 7. Nf3 Nd7 8. h5
Bh7 9. Bd3 Bxd3 10. Qxd3 Ngf6 11. Bd2 Qc7 12. O-O-O O-O-O 13. Ne4 e6 14. g3
Nxe4 15. Qxe4 Nf6 16. Qe2 Bd6 17. Kb1 Nd7 18. c4 b6 19. d5 exd5 20. cxd5 c5 21.
Bc3 Rhg8 22. Nh4 Rde8 23. Qa6+ Kb8 24. Nf5 Be5 25. d6 Qc6 26. Ne7 Qe4+ 27. Ka1
Rxe7 28. dxe7 Bxc3 29. bxc3 Qxe7 30. Rhe1 Qf6 31. Qd3 Ne5 32. Qd6+ Qxd6 33.
Rxd6 Kc7 34. Rdd1 Nc6 35. Rd5 Rd8 36. c4 Rd7 37. Re8 Nd8 38. Rg8 Ne6 39. Ra8
Rxd5 40. cxd5 Ng5 41. Rxa7+ Kd6 42. f4 Ne4 43. Rxf7 Nxg3 44. Rxg7 Nxh5 45. Rg6+
Kxd5 46. f5 Ke5 47. Rxb6 Kxf5 48. Rb5 1-0

[Event "Mechanics' Fall TNM; 30/90, SD/30"]
[Site "San Francisco"]
[Date "2009.11.10"]
[Round "4.2"]
[White "Sandberg, Evan"]
[Black "Margulis, Igor"]
[Result "1-0"]
[WhiteElo "2095"]
[BlackElo "2100"]
[PlyCount "47"]
[EventDate "2009.??.??"]

1. e4 e5 2. Nf3 d6 3. d4 Qe7 4. dxe5 dxe5 5. Nc3 c6 6. Bg5 Nf6 7. Qd2 Bg4 8.
O-O-O Nbd7 9. h3 Bxf3 10. gxf3 Rd8 11. Bc4 h6 12. Be3 b5 13. Bxb5 cxb5 14. Nxb5
Rb8 15. Nc7+ Kd8 16. Na6 Rxb2 17. Qa5+ Rb6 18. Bxb6+ Kc8 19. Qc3+ Kb7 20. Qc7+
Kxa6 21. Qxa7+ Kb5 22. a4+ Kb4 23. Qa5+ Ka3 24. Qc3+ 1-0

[Event "Mechanics' Spring TNM; 30/90, SD/30"]
[Site "San Francisco"]
[Date "2009.04.07"]
[Round "4.4"]
[White "Sandberg, Evan"]
[Black "Margulis, Igor"]
[Result "1-0"]
[WhiteElo "2009"]
[BlackElo "2112"]
[PlyCount "89"]
[EventDate "2009.??.??"]

1. e4 g6 2. d4 Bg7 3. Nc3 d6 4. Nf3 a6 5. a4 b6 6. Be3 Bb7 7. Bd3 Nd7 8. O-O e6
9. Qe2 Ne7 10. Rfd1 h6 11. b4 O-O 12. Qd2 Kh7 13. Ne1 c5 14. bxc5 bxc5 15. dxc5
Nxc5 16. Rab1 Qc7 17. Bxc5 dxc5 18. Ne2 Nc6 19. c3 Ne5 20. f4 Nxd3 21. Qxd3
Rad8 22. Qc2 Rxd1 23. Rxd1 Rd8 24. Rxd8 Qxd8 25. Qd3 Qxd3 26. Nxd3 Bxe4 27.
Nxc5 Bc2 28. Nd4 Bd1 29. a5 Bxd4+ 30. cxd4 Be2 31. Kf2 Bb5 32. Ke3 g5 33. g3
Kg6 34. Ne4 f6 35. d5 gxf4+ 36. gxf4 exd5 37. f5+ Kg7 38. Nd6 Bf1 39. Kd4 h5
40. Kxd5 h4 41. Ke6 h3 42. Ne8+ Kh6 43. Kxf6 Kh5 44. Nd6 Kg4 45. Kg7 1-0

[Event "Mechanics' Winter TNM; 30/90, SD/30"]
[Site "San Francisco"]
[Date "2009.02.03"]
[Round "5.8"]
[White "Sandberg, Evan"]
[Black "Matz, James"]
[Result "1-0"]
[WhiteElo "1998"]
[BlackElo "1746"]
[PlyCount "57"]
[EventDate "2009.??.??"]

1. e4 c5 2. Nf3 Nc6 3. d4 cxd4 4. Nxd4 d6 5. Nc3 Nf6 6. Bg5 e5 7. Ndb5 a6 8.
Na3 Be7 9. Bxf6 gxf6 10. Bc4 h5 11. Nd5 Bd7 12. O-O f5 13. f4 fxe4 14. f5 Nd4
15. f6 Bf8 16. c3 Bg4 17. Qe1 Ne6 18. h3 b5 19. Nxb5 Rb8 20. a4 Nc5 21. Nbc7+
Kd7 22. hxg4 Rxb2 23. Nxa6 Nxa6 24. Bxa6 Qa8 25. Bb5+ Rxb5 26. axb5 Qxd5 27.
Ra7+ Ke6 28. Qf2 hxg4 29. Qf5# 1-0

[Event "Mechanics' Fall TNM; 30/90, SD/30"]
[Site "San Francisco"]
[Date "2009.12.08"]
[Round "8.1"]
[White "Sandberg, Evan"]
[Black "Pearson, Michael"]
[Result "0-1"]
[WhiteElo "2095"]
[BlackElo "2290"]
[PlyCount "93"]
[EventDate "2009.??.??"]

1. e4 e5 2. Nf3 Nc6 3. Bb5 a6 4. Ba4 Nf6 5. d4 exd4 6. O-O Be7 7. e5 Ne4 8.
Nxd4 O-O 9. Re1 Nc5 10. Bb3 Nxd4 11. Qxd4 Nxb3 12. axb3 d5 13. exd6 Qxd6 14.
Qxd6 Bxd6 15. Na3 Bf5 16. Bd2 b5 17. b4 Rfd8 18. Rad1 Bg4 19. f3 Be6 20. Bg5
Rdb8 21. c3 a5 22. bxa5 Rxa5 23. Nc2 b4 24. Be3 bxc3 25. bxc3 Rb2 26. Ra1 Rxa1
27. Rxa1 h5 28. Nd4 Bd7 29. Ra8+ Kh7 30. Rd8 Ba4 31. Ra8 Rb1+ 32. Kf2 Bd1 33.
Ra5 g6 34. h4 Rb2+ 35. Ke1 Bb3 36. Nxb3 Rxb3 37. Bd4 Bg3+ 38. Kd1 Bxh4 39. Ra8
f6 40. Ra7 Rb2 41. Rxc7+ Kh6 42. Be3+ Bg5 43. f4 Bh4 44. f5+ Bg5 45. Bxg5+ fxg5
46. Rc6 h4 47. Rxg6+ 0-1

[Event "Mechanics' Summer TNM; 30/90, SD/30"]
[Site "San Francisco"]
[Date "2009.06.02"]
[Round "2.7"]
[White "Sandberg, Evan"]
[Black "Ramachandran, Jayakrishnan"]
[Result "0-1"]
[WhiteElo "2053"]
[BlackElo "1822"]
[PlyCount "110"]
[EventDate "2009.??.??"]

1. e4 e5 2. Nf3 Nc6 3. Bb5 a6 4. Ba4 Nf6 5. O-O Be7 6. Re1 b5 7. Bb3 d6 8. c3
O-O 9. h3 Na5 10. Bc2 c5 11. d4 Qc7 12. d5 Ne8 13. Nbd2 f5 14. exf5 Bxf5 15.
Ne4 Qd7 16. Ng3 Bxc2 17. Qxc2 Nc7 18. Qe4 Nc4 19. b3 Nb6 20. Rd1 Bf6 21. Bb2
Qf7 22. Rd2 c4 23. Nf5 Rad8 24. Rad1 Be7 25. Nxe7+ Qxe7 26. Qe3 Rb8 27. Ba3 Qf6
28. Nxe5 Qxe5 29. Qxe5 dxe5 30. Bxf8 Kxf8 31. d6 Ne6 32. d7 Ke7 33. bxc4 Nxc4
34. Rd5 Rd8 35. Kf1 Nf4 36. Rc5 Rxd7 37. Rxd7+ Kxd7 38. f3 Kd6 39. Rc8 Nd5 40.
Rd8+ Kc5 41. Rc8+ Kb6 42. a4 Nxc3 43. axb5 axb5 44. Ke1 Nd5 45. Ke2 Nd6 46. Rd8
Kc5 47. Rd7 b4 48. Kd2 b3 49. Kc1 Nc4 50. Rb7 b2+ 51. Kc2 Nde3+ 52. Kb1 Nxg2
53. Rxg7 Ne1 54. Rd7 Nxf3 55. Kc2 Nfd2 0-1

[Event "Mechanics' Fall TNM; 30/90, SD/30"]
[Site "San Francisco"]
[Date "2009.11.17"]
[Round "5.1"]
[White "Sandberg, Evan"]
[Black "Shakhnazarov, Oleg"]
[Result "0-1"]
[WhiteElo "2095"]
[BlackElo "2200"]
[PlyCount "95"]
[EventDate "2009.??.??"]

1. e4 e6 2. d4 Be7 3. Bd3 d6 4. f4 Nd7 5. Ne2 a6 6. O-O b5 7. f5 e5 8. c3 Ngf6
9. Qc2 Bb7 10. b3 Rc8 11. Nd2 c6 12. h3 h5 13. a4 Qb6 14. a5 Qc7 15. c4 exd4
16. cxb5 cxb5 17. Nxd4 Ne5 18. Qxc7 Rxc7 19. Bb1 d5 20. exd5 Nxd5 21. Bb2 Nc3
22. Bxc3 Rxc3 23. Re1 f6 24. Be4 Bc8 25. Rac1 b4 26. Ne2 Rc5 27. Nf3 O-O 28.
Rxc5 Bxc5+ 29. Kf1 Nxf3 30. gxf3 g6 31. Nf4 gxf5 32. Bd5+ Kh7 33. Ne6 Bxe6 34.
Bxe6 Kg6 35. Bc4 Kg5 36. Bxa6 Kf4 37. Rc1 Be3 38. Rc4+ Kxf3 39. Rxb4 f4 40.
Bb7+ Kg3 41. Ke2 Rd8 42. Re4 Rd2+ 43. Ke1 Ra2 44. Ra4 Rb2 45. a6 f3 46. Bxf3
Kxf3 47. Kd1 Rd2+ 48. Ke1 0-1

[Event "Mechanics' Summer TNM; 30/90, SD/30"]
[Site "San Francisco"]
[Date "2009.06.30"]
[Round "6.3"]
[White "Sandberg, Evan"]
[Black "Shin, Kyle"]
[Result "0-1"]
[WhiteElo "2053"]
[BlackElo "1960"]
[PlyCount "72"]
[EventDate "2009.??.??"]

1. e4 e5 2. Nf3 Nf6 3. Nxe5 d6 4. Nf3 Nxe4 5. d4 d5 6. Bd3 Bd6 7. O-O O-O 8. c4
c6 9. Nc3 Nxc3 10. bxc3 Bg4 11. cxd5 cxd5 12. Bc2 Bh5 13. Rb1 Qc7 14. Bxh7+ Kh8
15. Bc2 Nd7 16. Qd3 Nf6 17. h3 Rac8 18. Rb3 Bg6 19. Qd1 Ne4 20. Nh4 Bh7 21. Qf3
Nxc3 22. Bxh7 Kxh7 23. Bb2 Ne4 24. Qh5+ Kg8 25. Ng6 Bh2+ 26. Kh1 Nxf2+ 27. Rxf2
fxg6 28. Qxd5+ Kh7 29. Rxb7 Rxf2 30. Rxc7 Bxc7 31. Qb5 Rb8 32. Qc4 Bf4 33. Qd3
Rbxb2 34. g3 Rbd2 35. Qb1 Rh2+ 36. Kg1 Be3+ 0-1

[Event "Mechanics' Summer TNM; 30/90, SD/30"]
[Site "San Francisco"]
[Date "2009.06.16"]
[Round "4.9"]
[White "Sandberg, Evan"]
[Black "Standen, Julian"]
[Result "1-0"]
[WhiteElo "2053"]
[BlackElo "1781"]
[PlyCount "105"]
[EventDate "2009.??.??"]

1. e4 c6 2. d4 d5 3. Nc3 dxe4 4. Nxe4 Nd7 5. Ng5 e6 6. N1f3 h6 7. Ne4 Ngf6 8.
Bd3 Nxe4 9. Bxe4 Nf6 10. Bd3 c5 11. O-O Bd6 12. dxc5 Bxc5 13. Qe2 O-O 14. c3
Bd7 15. Bf4 Qe7 16. Rad1 Bc6 17. Ne5 Rac8 18. b4 Bb6 19. b5 Bd7 20. Nc4 Nd5 21.
Bd6 Qg5 22. Qe4 f5 23. Qe5 Bc7 24. f4 Qf6 25. Qxf6 Rxf6 26. Be5 Rff8 27. Rb1 b6
28. Rb3 Rfd8 29. g3 Bxe5 30. fxe5 Rc5 31. Nd6 Rxc3 32. Rxc3 Nxc3 33. Rc1 Nd5
34. Bc4 Kf8 35. Bxd5 exd5 36. Rc7 Ke7 37. Rxa7 Ke6 38. Kf2 Be8 39. Nxe8 Rxe8
40. Rxg7 Kxe5 41. Rg6 d4 42. Rxb6 d3 43. Ke3 Rd8 44. Kd2 Kd4 45. Rxh6 Ra8 46.
Ra6 Rh8 47. h4 Rg8 48. Rd6+ Kc5 49. Rxd3 Kxb5 50. Rf3 Kb4 51. Ke3 Ka3 52. Kf4+
Kxa2 53. Kxf5 1-0

[Event "Mechanics' Spring TNM; 30/90, SD/30"]
[Site "San Francisco"]
[Date "2009.03.24"]
[Round "2.9"]
[White "Sandberg, Evan"]
[Black "Standen, Julian"]
[Result "1/2-1/2"]
[WhiteElo "2009"]
[BlackElo "1791"]
[PlyCount "65"]
[EventDate "2009.??.??"]

1. e4 c6 2. d4 d5 3. f3 e6 4. Nc3 Bb4 5. Bf4 Ne7 6. Nge2 O-O 7. a3 Ba5 8. Qd3
Nd7 9. b4 Bc7 10. Bxc7 Qxc7 11. e5 a5 12. b5 c5 13. f4 cxd4 14. Nxd4 Nc5 15.
Qg3 f6 16. Rb1 fxe5 17. fxe5 Nf5 18. Nxf5 Rxf5 19. b6 Qxe5+ 20. Qxe5 Rxe5+ 21.
Kd2 Bd7 22. Bb5 Rf8 23. Rhf1 Ref5 24. Rxf5 Rxf5 25. Bxd7 Nxd7 26. Ke3 Ne5 27.
Kd4 Nc4 28. Rb5 Kf8 29. a4 Ke7 30. Rc5 Rf4+ 31. Kd3 Rf7 32. Rc7+ Ke8 33. Rc8+
1/2-1/2

[Event "Mechanics' Winter TNM; 30/90, SD/30"]
[Site "San Francisco"]
[Date "2009.02.10"]
[Round "6.6"]
[White "Sandberg, Evan"]
[Black "Todortsev, Victor"]
[Result "1-0"]
[WhiteElo "1998"]
[BlackElo "1921"]
[PlyCount "81"]
[EventDate "2009.??.??"]

1. e4 c5 2. Nf3 e6 3. d4 cxd4 4. Nxd4 a6 5. Bd3 Nc6 6. Be3 Nf6 7. Qe2 Ne5 8. f4
Nxd3+ 9. cxd3 Bb4+ 10. Nd2 O-O 11. O-O d6 12. f5 Bc5 13. g4 e5 14. Nc2 Qb6 15.
Nc4 Qa7 16. g5 Ne8 17. b4 Bxe3+ 18. N2xe3 Bd7 19. Kh1 b5 20. Na5 Nc7 21. Rac1
Qb6 22. Rf3 Rac8 23. Rh3 d5 24. Qh5 h6 25. gxh6 g6 26. h7+ Kh8 27. Qh6 dxe4 28.
dxe4 Qf6 29. Ng4 Qg7 30. Qxg7+ Kxg7 31. Nxe5 Na8 32. Rxc8 Bxc8 33. Nxf7 Kxf7
34. h8=Q Rxh8 35. Rxh8 Nb6 36. Rh7+ Kf6 37. Rc7 gxf5 38. Rc6+ Ke5 39. exf5 Nd5
40. Rxc8 Nxb4 41. Nc6+ 1-0

[Event "Mechanics' Spring TNM; 30/90, SD/30"]
[Site "San Francisco"]
[Date "2009.04.21"]
[Round "6.9"]
[White "Sanguinetti, George"]
[Black "Chernobilskiy, Mikhail"]
[Result "1/2-1/2"]
[WhiteElo "2010"]
[BlackElo "1801"]
[PlyCount "94"]
[EventDate "2009.??.??"]

1. f4 Nf6 2. g3 d5 3. Nh3 h5 4. Nf2 Bf5 5. d3 Nc6 6. Bg2 Qd7 7. O-O O-O-O 8. c3
h4 9. Nd2 hxg3 10. hxg3 e5 11. e4 dxe4 12. dxe4 Bg4 13. Qe1 Bc5 14. Nb3 Bxf2+
15. Rxf2 Qd1 16. Be3 Qxe1+ 17. Rxe1 Nh5 18. fxe5 Nxe5 19. Nc1 b6 20. Bf4 Nd3
21. Nxd3 Rxd3 22. Bf1 Nxf4 23. gxf4 Bf3 24. Rh2 Rxh2 25. Kxh2 Rd1 26. Ba6+ Kd8
27. Re3 Bh5 28. Kg3 Rd2 29. b4 Ke7 30. a4 f6 31. Bc4 Bf7 32. Rd3 Rxd3+ 33. Bxd3
Kd6 34. Bc2 a6 35. Kf3 c5 36. Ke3 Bc4 37. Bd1 cxb4 38. cxb4 a5 39. bxa5 bxa5
40. Kd4 Ba2 41. e5+ fxe5+ 42. fxe5+ Ke7 43. Be2 g5 44. Ke4 Bb3 45. Bb5 Be6 46.
Bc6 g4 47. Kf4 Kd8 1/2-1/2

[Event "Mechanics' Wilkerson Mem TNM; 30/90, SD"]
[Site "San Francisco"]
[Date "2009.09.08"]
[Round "6.3"]
[White "Sanguinetti, George"]
[Black "Fuentes, Romulo"]
[Result "0-1"]
[WhiteElo "2003"]
[BlackElo "2121"]
[PlyCount "80"]
[EventDate "2009.??.??"]

1. e4 c5 2. Nf3 d6 3. c3 Nf6 4. Be2 Nc6 5. d4 cxd4 6. cxd4 Nxe4 7. d5 Qa5+ 8.
Nc3 Nxc3 9. bxc3 Ne5 10. Nxe5 Qxc3+ 11. Bd2 Qxe5 12. Rb1 f6 13. O-O Qxd5 14.
Bb5+ Bd7 15. Bxd7+ Kxd7 16. Qg4+ Ke8 17. Rfd1 Kf7 18. Bf4 Qe6 19. Qf3 Rb8 20.
h4 Qxa2 21. Ra1 Qc4 22. Rdc1 Qd4 23. Qb3+ e6 24. Rc7+ Be7 25. Re1 Qxf4 26.
Qxe6+ Kg6 27. Qxe7 Rhg8 28. Re4 Qf5 29. g4 Qd5 30. Re6 Rbf8 31. Rxd6 Qf3 32.
Qd7 h6 33. Rc3 Qe4 34. f3 Qe1+ 35. Kg2 Kh7 36. Rc7 Qe2+ 37. Kg3 Qe5+ 38. Kh3
Rd8 39. Qf7 Rxd6 40. g5 Qe6+ 0-1

[Event "Mechanics' Fall TNM; 30/90, SD/30"]
[Site "San Francisco"]
[Date "2009.10.27"]
[Round "2.3"]
[White "Sanguinetti, George"]
[Black "Fuentes, Romulo"]
[Result "0-1"]
[WhiteElo "1922"]
[BlackElo "2163"]
[PlyCount "88"]
[EventDate "2009.??.??"]

1. d4 Nf6 2. c4 e6 3. Nc3 c5 4. d5 exd5 5. cxd5 Bd6 6. Nf3 O-O 7. Bg5 h6 8. Bh4
a6 9. a4 Re8 10. e3 Bf8 11. Bd3 d6 12. O-O Bg4 13. h3 Bxf3 14. Qxf3 Nbd7 15.
Bc2 Qb6 16. Rab1 Qb4 17. Bg3 b5 18. axb5 axb5 19. Qe2 c4 20. Rfd1 Qc5 21. Rd4
Qxd4 22. exd4 Rxe2 23. Nxe2 Nxd5 24. Be4 N7f6 25. Bf3 Rc8 26. Nc3 Nc7 27. b4 g5
28. Kf1 Nfe8 29. Bg4 Rb8 30. f4 Nf6 31. Bf3 Re8 32. fxg5 hxg5 33. Re1 Rc8 34.
Bc6 d5 35. Bb7 Rb8 36. Nxd5 Rxb7 37. Nxf6+ Kg7 38. Be5 Kg6 39. Rb1 Na6 40. Nd5
f6 41. Nxf6 Rf7 42. Ra1 Nxb4 43. Ke2 Rxf6 44. Bxf6 Kxf6 0-1

[Event "Mechanics' Fall TNM; 30/90, SD/30"]
[Site "San Francisco"]
[Date "2009.12.08"]
[Round "8.7"]
[White "Sanguinetti, George"]
[Black "Jones, James"]
[Result "0-1"]
[WhiteElo "1922"]
[BlackElo "2043"]
[PlyCount "104"]
[EventDate "2009.??.??"]

1. d4 Nf6 2. c4 c5 3. d5 Ne4 4. Qc2 Qa5+ 5. Nd2 Nf6 6. g3 g6 7. Bg2 d6 8. Nh3
Bg7 9. O-O O-O 10. Nf4 b5 11. Ne6 fxe6 12. dxe6 Nc6 13. Bxc6 Rb8 14. cxb5 Bxe6
15. a3 Rxb5 16. Nc4 Qa6 17. Bxb5 Qxb5 18. b3 Bh3 19. Rd1 Ng4 20. Bf4 Bxa1 21.
Rxa1 e5 22. f3 exf4 23. fxg4 Qb7 24. e4 fxe3 25. Nxe3 Rf3 26. Re1 Qe7 27. Qc4+
Kf8 28. Ng2 Qf7 29. Nf4 Qxc4 30. bxc4 Bxg4 31. Ne6+ Bxe6 32. Rxe6 Rd3 33. a4
Rd4 34. a5 Kf7 35. Re2 Rxc4 36. Kf2 Ra4 37. Rb2 Rxa5 38. Rb7+ Ke6 39. Rxh7 c4
40. Ke3 Kd5 41. Rg7 Ra3+ 42. Kd2 Kd4 43. Rxg6 Ra2+ 44. Kc1 Kc3 45. Kb1 Rb2+ 46.
Ka1 Rxh2 47. Rxd6 Kb3 48. Rd1 c3 49. Rb1+ Ka3 50. Rc1 Ra2+ 51. Kb1 Rb2+ 52. Ka1
c2 0-1

[Event "Mechanics' Fall TNM; 30/90, SD/30"]
[Site "San Francisco"]
[Date "2009.11.10"]
[Round "4.7"]
[White "Sanguinetti, George"]
[Black "Klinetobe, David"]
[Result "1-0"]
[WhiteElo "1922"]
[BlackElo "2043"]
[PlyCount "119"]
[EventDate "2009.??.??"]

1. e4 c5 2. Nf3 Nc6 3. Bb5 e6 4. Bxc6 bxc6 5. O-O Ne7 6. c4 d5 7. d3 Ng6 8. Nc3
d4 9. Ne2 Bd6 10. Ng3 h5 11. Re1 h4 12. Nf1 Qc7 13. h3 Bd7 14. Rb1 Rb8 15. b3
e5 16. N3h2 Qc8 17. Rb2 Qd8 18. Ng4 O-O 19. Nfh2 f5 20. exf5 Rxf5 21. Rbe2 Nf4
22. Bxf4 exf4 23. f3 Rg5 24. Qd2 Bf5 25. Kh1 Qc7 26. Re8+ Kf7 27. Qe2 Rg6 28.
Rxb8 Qxb8 29. Nf2 Re6 30. Ne4 Bxe4 31. fxe4 g6 32. Qg4 Be7 33. Nf3 Qb4 34.
Qxf4+ Rf6 35. Qd2 Qxd2 36. Nxd2 Rf2 37. Rf1 Rxf1+ 38. Nxf1 Kf6 39. Kg1 Ke5 40.
Kf2 Kf4 41. Nh2 Bf6 42. Nf3 Be7 43. Ng1 Bd6 44. Ne2+ Kg5 45. Kf3 Bc7 46. a3 a5
47. b4 cxb4 48. axb4 axb4 49. Nxd4 Be5 50. Nb3 Bd6 51. d4 c5 52. dxc5 Be5 53.
Ke3 Bf6 54. Nd4 Be5 55. c6 Kf6 56. Kd3 Ke7 57. c5 Kd8 58. Kc4 Kc7 59. Ne6+ Kxc6
60. Kxb4 1-0

[Event "Mechanics' Spring TNM; 30/90, SD/30"]
[Site "San Francisco"]
[Date "2009.04.28"]
[Round "7.10"]
[White "Sanguinetti, George"]
[Black "Leavens, Weston"]
[Result "1-0"]
[WhiteElo "2010"]
[BlackElo "1782"]
[PlyCount "96"]
[EventDate "2009.??.??"]

1. f4 f5 2. g3 Nf6 3. Nh3 e6 4. Bg2 d5 5. O-O Be7 6. c3 c5 7. d3 Bd7 8. a3 a5
9. Nd2 Nc6 10. Nf2 O-O 11. Qc2 b5 12. e4 fxe4 13. dxe4 dxe4 14. Ndxe4 Rb8 15.
Be3 Nd5 16. Rae1 Nxe3 17. Rxe3 e5 18. Rd1 Qc7 19. Ng5 Bf5 20. Bd5+ Kh8 21. Qe2
Bxg5 22. fxg5 Rbd8 23. g4 Bg6 24. h4 Bf7 25. Be4 Rxd1+ 26. Qxd1 Rd8 27. Qf3 Nb8
28. h5 Qe7 29. g6 Bc4 30. gxh7 Rf8 31. Bf5 Qf6 32. Kg2 Nc6 33. Ne4 Qe7 34. Re1
Be6 35. Ng3 Bxf5 36. Nxf5 Qf6 37. Qe4 Rd8 38. Re2 Rf8 39. Kg3 g6 40. Nh4 Qf4+
41. Qxf4 exf4+ 42. Kf3 Kxh7 43. Nxg6 Rf6 44. Nxf4 Kh6 45. Kg3 Nd8 46. Re5 Rc6
47. Re7 Kg5 48. Rg7+ Kf6 1-0